Electrical and electronic drawing, 2 (Record no. 65641)

000 -LEADER
fixed length control field 00455nam a22001697a 4500
003 - CONTROL NUMBER IDENTIFIER
control field NUST - PNEC
005 - DATE AND TIME OF LATEST TRANSACTION
control field 20170116180922.0
008 - FIXED-LENGTH DATA ELEMENTS--GENERAL INFORMATION
fixed length control field 150904b xxu||||| |||| 00| 0 eng d
020 ## - INTERNATIONAL STANDARD BOOK NUMBER
International Standard Book Number 0070932875
040 ## - CATALOGING SOURCE
Transcribing agency LIBRARY
082 ## - DEWEY DECIMAL CLASSIFICATION NUMBER
Classification number 604.2621381 LOW
100 ## - MAIN ENTRY--PERSONAL NAME
9 (RLIN) 7813
Personal name Lowe, James Fred
245 ## - TITLE STATEMENT
Title Electrical and electronic drawing, 2
Statement of responsibility, etc. , James Fred Lowe
260 ## - PUBLICATION, DISTRIBUTION, ETC.
Date of publication, distribution, etc. C.1976
650 ## - SUBJECT ADDED ENTRY--TOPICAL TERM
9 (RLIN) 7816
Topical term or geographic name entry element Electrical drafting
General subdivision EE ,EL
942 ## - ADDED ENTRY ELEMENTS (KOHA)
Source of classification or shelving scheme
Koha item type Book
Holdings
Withdrawn status Lost status Source of classification or shelving scheme Damaged status Not for loan Permanent Location Current Location Shelving location Date acquired Total Checkouts Full call number Barcode Date last seen Price effective from Koha item type
          Pakistan Navy Engineering College (PNEC) Pakistan Navy Engineering College (PNEC)       604.2621381 LOW PNECLIB-010349 09/04/2015   Book
© 2023 Central Library, National University of Sciences and Technology. All Rights Reserved.